Annales. anali za istrske in mediteranske študije = annali di studi istriani e mediterranei = annals of Istrian and Mediterranean studies. Series historia naturalis
| Título anterior: | Annales (Koper, Slovenia) |
|---|---|
| Autor Corporativo: | |
| Formato: | Electrónico Revista |
| Lenguaje: | esloveno inglés italiano |
| Publicado: |
Koper :
Zgodovinsko društvo za južno Primorsko
|
| Materias: | |
| Acceso en línea: | Full text available from Research Library: 01/01/2005 to present |
MARC
| LEADER | 00000nas a2200000 a 4500 | ||
|---|---|---|---|
| 001 | ssj0000546979 | ||
| 003 | WaSeSS | ||
| 005 | 20200512172242.0 | ||
| 006 | m d | ||
| 007 | cr n | ||
| 008 | 100407c19949999xv fr p s 0 0slv c | ||
| 010 | |a 2019238235 | ||
| 022 | |a 2591-1783 |l 1408-533X |y 1408-533X | ||
| 035 | |a (WaSeSS)ssj0000546979 | ||
| 040 | |a OCLCE |b eng |c OCLCE |d OCLCQ |d OCLCF |d OCLCO |d OCLCQ |d Z5A |d U3W |d UOK |d WYU |d IUL |d OCLCQ |d OCLCO |d WaSeSS | ||
| 041 | 0 | |a slv |a eng |a ita | |
| 042 | |a pcc | ||
| 043 | |a e-ci--- |a e-xv--- |a mm----- | ||
| 050 | 4 | |a QH7 |b .A615 | |
| 082 | 1 | 4 | |a [E] |
| 222 | 0 | |a Annales. Series historia naturalis |b (Online) | |
| 245 | 0 | 0 | |a Annales. |p Series historia naturalis |h [electronic resource] : |b anali za istrske in mediteranske študije = annali di studi istriani e mediterranei = annals of Istrian and Mediterranean studies. |
| 246 | 3 | 0 | |a Series historia naturalis |
| 246 | 3 | 0 | |a Anali za istrske in mediteranske študije |
| 246 | 3 | 0 | |a Annali di studi istriani e mediterranei |
| 246 | 3 | 0 | |a Annals of Istrian and Mediterranean studies |
| 260 | |a Koper : |b Zgodovinsko društvo za južno Primorsko | ||
| 310 | |a Two no. a year | ||
| 362 | 1 | |a Began in 1994. | |
| 506 | |a License restrictions may limit access. | ||
| 515 | |a Issues also carry whole numbering which continues the enumeration from the earlier title and shares with: Annales, series historia et sociologia. | ||
| 546 | |a In Slovenian, English and Italian. | ||
| 588 | 0 | |a 10, 2 (2000). | |
| 588 | 0 | |a Print version record. | |
| 650 | 0 | |a Natural history |v Periodicals. | |
| 650 | 0 | |a Natural history |z Istria (Croatia and Slovenia) |v Periodicals. | |
| 650 | 0 | |a Natural history |z Mediterranean Region |v Periodicals. | |
| 650 | 7 | |a Natural history. |2 fast |0 (OCoLC)fst01034268 | |
| 651 | 7 | |a Europe |z Istria. |2 fast |0 (OCoLC)fst01310433 | |
| 651 | 7 | |a Mediterranean Region. |2 fast |0 (OCoLC)fst01239752 | |
| 655 | 0 | |a Electronic journals. | |
| 710 | 2 | |a Zgodovinsko društvo za južno Primorsko. | |
| 776 | 0 | 8 | |i Print version: |t Annales. Series historia naturalis |x 1408-533X |w (DLC) 2006201281 |w (OCoLC)67293342 |
| 780 | 0 | 1 | |t Annales (Koper, Slovenia) |
| 856 | 4 | 0 | |z Full text available from Research Library: 01/01/2005 to present |u https://search.proquest.com/publication/75964 |